000
00297nam a22001337a 4500
008
180914b xxu||||| |||| 00| 0 eng d
020
_a
9780070060173
041
_a
eng
080
_a
159.9
100
_a
49
101
_a
PSI
245
_a
Questions Of Gender
_c
AnselmI iD.L
942
_2
udc
_c
BK
999
_c
47815
_d
47815